Statistics for Walt Disney World: EPCOT Rides!

Click here to take the quiz!

General Stats

  • This quiz has been taken 872 times
  • The average score is 7 of 10

Answer Stats

HintAnswer% Correct
Soar high above the state of California!Soarin'
98%
Experience what test cars endure before hitting the showroom floor!Test Track
97%
Travel through different times in history such as the Roman Empire and ending with what the future may be!Spaceship Earth
83%
Take an adventure to mars in a Spaceship!Mission: SPACE
81%
Talk to a turtle who is featured in Finding Nemo!Turtle Talk with Crush
72%
Meet Nemo and his friends while riding in a Clam ShellThe Seas with Nemo & Friends
71%
A boat tour that shows you the different parts of the world such as the American Plains, and then ending with the technologies used to grow plants at Disney World!Living with the Land
58%
Take a voyage on a Viking Ship through the history of Norway! (Norway Pavilion)Maelstrom
51%
Explore imagination with a little purple dragon named Figment!Journey into the Imagination with Figment
41%
A tour in a boat with the Three Caballeros exploring Mexico! (Within the Mexico Pavilion)Gran Fiesta Tour Starring the Three Caballeros
33%

Score Distribution

Percentile by Number Answered

Percent of People with Each Score

Your Score History

You have not taken this quiz